Automobil Produktion Management. Factory. Tools. Technology.

Zameriava sa na hlavné automobilové značky, výrobné siete v procese transformácie a obchodné koncepty dodávateľského reťazca automobilového priemyslu v súčasnosti.

Guardado en:
Detalles Bibliográficos
Formato: Seriadas
Lenguaje:alemán
Publicado: Landsberg Verlag Moderne Industrie
Materias:
Etiquetas: Agregar Etiqueta
Sin Etiquetas, Sea el primero en etiquetar este registro!

MARC

LEADER 00000nas1a2200000 4500
001 0312631
005 20260227102808.5
022 |a 0934-0394 
041 0 |a ger 
044 |a DE 
245 1 0 |a Automobil Produktion  |b Management. Factory. Tools. Technology. 
264 1 |a Landsberg  |b Verlag Moderne Industrie 
520 |a Zameriava sa na hlavné automobilové značky, výrobné siete v procese transformácie a obchodné koncepty dodávateľského reťazca automobilového priemyslu v súčasnosti. 
610 2 0 |a priemysel automobilový 
610 2 0 |a výroba 
610 2 0 |a predaj 
610 2 0 |a obchod 
610 2 0 |a reťazce distribučné